Statistics for Most Guessed MLB Teams on JetPunk

Click here to take the quiz!

General Stats

  • This quiz has been taken 110 times
  • The average score is 4 of 5

Answer Stats

%Team% Correct
97New York Yankees
98%
96Boston Red Sox
88%
86Oakland Athletics
73%
86New York Mets
70%
92Chicago White Sox
47%

Score Distribution

Percentile by Number Answered

Percent of People with Each Score

Your Score History

You have not taken this quiz